000 01160nam a2200313 i 4500
003 EG-GICUC
005 20260503102310.0
008 260503s1979 ua ||||f |||| 000 0bara d
040 _a EG-GICUC
_bara
_c EG-GICUC
_d EG-GICUC
_erda
041 0 _aara
082 0 4 _221
_a345.451
_bع م . س
092 0 4 _221
099 _aLaw1 07 345.451 ع م . س 1979 0701988 C1
100 0 _aعمرو فؤاد أحمد بركات
_eمؤلف.
245 1 2 _aالسلطة التأديبية :
_bدراسة مقارنة /
_c.تأليف دكتور عمرو فؤاد أحمد بركات
264 1 _aالقاهرة :
_bدار النهضة العربية،
_c1979.
300 _a396 ؛ صفحة
_c24 سم.
336 _2rda content
_atext
337 _2rda media
_aComputer
338 _2rda carrier
_aOnline Resource
504 _aيشتمل على إرجاعات ببليوجرافية.
546 _aالنص باللغة العربية
650 1 4 _aالقانون الإداري
650 1 4 _aالسلطات التاديبية
651 1 _2qrmak
856 4 0 _uhttps://fll.law.cu.edu.eg/fulltext/bks/B07-01988.pdf
905 _a164
942 _2ddc
_cBK
_e21
_n0
999 _c75086
_d75086